10 Biggest Cities in Every State on a Map - Statistics

General Stats
  • This quiz has been taken 808 times
    794 since last reset
  • The average score is 215 of 500
Answers on the Map
Answers color-coded by a green-red scale on the quiz's map according to % correct below.
 
Answer Stats
State Population City % Correct
California 4,015,940 Los Angeles
87%
Utah 96,943 Sandy
85%
California 896,047 San Francisco
85%
Washington 783,137 Seattle
85%
Texas 2,340,890 Houston
84%
Florida 486,388 Miami
84%
New York 8,323,340 New York City
84%
Maine 66,067 Portland
84%
Oregon 664,103 Portland
84%
California 521,769 Sacramento
84%
California 1,447,100 San Diego
84%
Ohio 922,223 Columbus
83%
Texas 1,382,270 Dallas
83%
Mississippi 160,080 Jackson
83%
Tennessee 66,989 Jackson
83%
Wyoming 10,427 Jackson
83%
Illinois 2,694,240 Chicago
82%
Georgia 189,296 Columbus
82%
Nebraska 23,752 Columbus
82%
Colorado 734,134 Denver
82%
Indiana 875,929 Indianapolis
82%
Nevada 662,000 Las Vegas
82%
Arizona 1,703,080 Phoenix
82%
Utah 213,367 Salt Lake City
82%
Michigan 667,272 Detroit
81%
Florida 926,371 Jacksonville
81%
Kansas 153,600 Kansas City
81%
Louisiana 390,128 New Orleans
81%
Pennsylvania 1,591,800 Philadelphia
81%
Texas 1,578,030 San Antonio
81%
California 1,033,670 San Jose
81%
Georgia 523,738 Atlanta
80%
Texas 988,218 Austin
80%
Idaho 234,576 Boise
80%
Missouri 505,198 Kansas City
80%
Minnesota 437,069 Minneapolis
80%
Florida 291,739 Orlando
80%
Florida 413,704 Tampa
80%
New Mexico 561,188 Albuquerque
79%
Hawaii 342,933 Honolulu
79%
Tennessee 673,167 Nashville
79%
Oklahoma 655,407 Oklahoma City
79%
Alaska 285,634 Anchorage
78%
Massachusetts 710,195 Boston
78%
Ohio 379,233 Cleveland
78%
Texas 685,575 El Paso
78%
Illinois 112,990 Springfield
78%
Massachusetts 155,472 Springfield
78%
Missouri 169,552 Springfield
78%
Oregon 64,717 Springfield
78%
New York 96,853 Albany
77%
Maryland 590,479 Baltimore
77%
New York 255,244 Buffalo
77%
Alaska 31,435 Juneau
77%
Alabama 52,544 Madison
77%
Wisconsin 264,030 Madison
77%
Wisconsin 585,589 Milwaukee
77%
Pennsylvania 294,860 Pittsburgh
77%
North Carolina 251,762 Winston-Salem
77%
Alabama 208,940 Birmingham
76%
North Carolina 905,318 Charlotte
76%
Ohio 306,487 Cincinnati
76%
Tennessee 647,374 Memphis
76%
Nevada 260,258 Reno
76%
Florida 199,205 Tallahassee
76%
Arizona 553,871 Tucson
76%
Louisiana 216,701 Baton Rouge
75%
South Carolina 138,458 Charleston
75%
West Virginia 45,703 Charleston
75%
Colorado 485,946 Colorado Springs
75%
Texas 932,116 Fort Worth
75%
Kentucky 624,890 Louisville
75%
Alabama 186,804 Mobile
75%
Missouri 293,792 St. Louis
75%
Wyoming 64,165 Cheyenne
74%
Iowa 217,891 Des Moines
74%
Arkansas 197,371 Little Rock
74%
California 435,224 Oakland
74%
Nebraska 470,702 Omaha
74%
Oregon 179,944 Salem
74%
Minnesota 311,895 St. Paul
74%
California 538,195 Fresno
73%
North Carolina 481,958 Raleigh
73%
Washington 223,266 Spokane
73%
Nebraska 293,905 Lincoln
72%
Alabama 197,282 Montgomery
72%
New Jersey 277,140 Newark
72%
Kentucky 37,652 Richmond
72%
Virginia 232,055 Richmond
72%
New Mexico 85,502 Santa Fe
72%
Oklahoma 396,543 Tulsa
72%
Montana 109,868 Billings
71%
Maryland 103,663 Columbia
71%
Missouri 125,976 Columbia
71%
South Carolina 133,031 Columbia
71%
Delaware 34,493 Newark
71%
Rhode Island 178,901 Providence
71%
Alaska 30,996 Fairbanks
70%
Minnesota 119,917 Rochester
70%
New Hampshire 32,224 Rochester
70%
New York 203,792 Rochester
70%
South Dakota 190,519 Sioux Falls
70%
Virginia 447,841 Virginia Beach
70%
Kansas 388,771 Wichita
70%
North Dakota 74,162 Bismarck
69%
Nevada 56,336 Carson City
69%
Texas 325,406 Corpus Christi
69%
North Dakota 129,530 Fargo
69%
Wisconsin 105,413 Green Bay
69%
Georgia 145,754 Savannah
69%
Kansas 125,092 Topeka
69%
Ohio 198,148 Akron
68%
Georgia 196,303 Augusta
68%
Maine 18,809 Augusta
68%
California 390,233 Bakersfield
68%
Michigan 205,289 Grand Rapids
68%
Connecticut 121,033 Hartford
68%
Montana 33,525 Helena
68%
Michigan 120,921 Lansing
68%
Ohio 270,651 Toledo
68%
Colorado 382,742 Aurora
67%
Illinois 198,870 Aurora
67%
Indiana 270,989 Fort Wayne
67%
Tennessee 191,060 Knoxville
67%
Kentucky 328,690 Lexington
67%
California 463,218 Long Beach
67%
Missouri 57,167 St. Peters
67%
Washington 222,603 Tacoma
67%
Texas 402,762 Arlington
66%
Virginia 231,803 Arlington
66%
Delaware 38,499 Dover
66%
New Hampshire 32,343 Dover
66%
Florida 271,842 St. Petersburg
66%
New York 140,987 Syracuse
65%
Delaware 70,139 Wilmington
65%
North Carolina 126,669 Wilmington
65%
California 352,911 Anaheim
64%
Arizona 527,666 Mesa
64%
Minnesota 85,728 Duluth
63%
Florida 184,599 Fort Lauderdale
63%
Alabama 202,910 Huntsville
63%
New Jersey 247,597 Jersey City
63%
Nebraska 25,027 Norfolk
63%
Virginia 242,234 Norfolk
63%
Tennessee 184,143 Chattanooga
62%
New Hampshire 43,840 Concord
62%
Ohio 139,756 Dayton
62%
Pennsylvania 94,619 Erie
62%
Oregon 178,329 Eugene
62%
Indiana 73,966 Gary
62%
Nevada 253,923 North Las Vegas
62%
Utah 118,592 Provo
62%
New Jersey 84,913 Trenton
62%
North Carolina 98,842 Concord
61%
Pennsylvania 49,301 Harrisburg
61%
Indiana 72,668 Lafayette
61%
Louisiana 124,561 Lafayette
61%
Rhode Island 24,238 Newport
61%
South Dakota 14,034 Pierre
61%
Connecticut 130,850 New Haven
60%
Louisiana 183,819 Shreveport
60%
North Carolina 282,737 Durham
59%
Arkansas 90,757 Fayetteville
59%
North Carolina 205,646 Fayetteville
59%
North Carolina 299,946 Greensboro
59%
Nevada 330,084 Henderson
59%
Iowa 81,382 Sioux City
59%
Indiana 102,028 South Bend
58%
Alabama 103,369 Tuscaloosa
58%
New York 199,021 Yonkers
58%
Michigan 123,062 Ann Arbor
56%
Iowa 135,502 Cedar Rapids
56%
Idaho 63,543 Idaho Falls
56%
New Hampshire 113,441 Manchester
56%
Vermont 7,356 Montpelier
56%
Connecticut 143,010 Bridgeport
55%
Vermont 43,021 Burlington
55%
Mississippi 28,508 Greenville
55%
South Carolina 71,171 Greenville
55%
Texas 264,703 Laredo
55%
Arizona 262,222 Scottsdale
55%
Massachusetts 186,433 Worcester
55%
Georgia 129,770 Athens
54%
Wyoming 55,293 Casper
54%
Colorado 172,862 Fort Collins
54%
Montana 77,058 Missoula
54%
Pennsylvania 77,218 Scranton
54%
Washington 186,516 Vancouver
54%
Georgia 152,519 Macon
53%
New Mexico 104,148 Las Cruces
52%
Arizona 180,219 Peoria
52%
Illinois 108,194 Peoria
52%
Louisiana 45,808 Alexandria
51%
Virginia 165,748 Alexandria
51%
Pennsylvania 122,623 Allentown
51%
Montana 52,034 Bozeman
51%
Virginia 248,106 Chesapeake
51%
Arizona 254,500 Glendale
51%
Iowa 78,440 Iowa City
51%
Utah 88,061 Ogden
51%
South Dakota 77,525 Rapid City
51%
Michigan 94,867 Flint
50%
Utah 92,828 St. George
50%
Indiana 85,981 Bloomington
49%
Minnesota 85,818 Bloomington
49%
Florida 199,503 Cape Coral
49%
Iowa 101,965 Davenport
49%
Indiana 116,709 Evansville
49%
Hawaii 46,284 Hilo
48%
Virginia 177,064 Newport News
48%
Texas 288,539 Plano
48%
Maine 32,167 Bangor
47%
Oregon 105,418 Bend
47%
Arizona 268,675 Chandler
47%
Colorado 113,662 Pueblo
47%
Arizona 194,218 Tempe
47%
Mississippi 46,370 Biloxi
45%
Wisconsin 101,124 Kenosha
45%
Kansas 196,636 Overland Park
45%
Illinois 145,020 Rockford
45%
Nebraska 53,945 Bellevue
44%
Washington 154,647 Bellevue
44%
Kentucky 71,623 Bowling Green
44%
Massachusetts 121,783 Cambridge
44%
Mississippi 72,670 Gulfport
44%
Illinois 149,196 Naperville
44%
Oklahoma 126,377 Norman
44%
Virginia 99,648 Roanoke
44%
Alabama 68,138 Auburn
43%
Maine 23,256 Auburn
43%
West Virginia 44,416 Huntington
43%
Connecticut 131,593 Stamford
43%
Montana 34,676 Butte
42%
Idaho 52,917 Coeur d'Alene
42%
New Jersey 124,969 Elizabeth
42%
North Dakota 57,060 Grand Forks
42%
Montana 58,627 Great Falls
42%
Illinois 148,227 Joliet
42%
Georgia 94,872 Roswell
42%
New Mexico 46,977 Roswell
42%
Wisconsin 74,832 Appleton
41%
Wyoming 33,295 Laramie
41%
Mississippi 35,949 Meridian
41%
West Virginia 30,983 Morgantown
41%
Florida 206,410 Port St. Lucie
41%
Ohio 65,422 Youngstown
41%
Wisconsin 69,506 Eau Claire
40%
Arizona 258,935 Gilbert
40%
Idaho 115,550 Meridian
40%
Idaho 101,410 Nampa
40%
Florida 243,208 Hialeah
39%
Oklahoma 110,135 Broken Arrow
38%
Washington 113,836 Everett
38%
Arkansas 88,373 Fort Smith
38%
Louisiana 80,169 Lake Charles
38%
Kansas 99,496 Lawrence
38%
Kansas 54,749 Manhattan
38%
Tennessee 164,496 Clarksville
37%
Louisiana 46,737 Monroe
37%
Tennessee 151,066 Murfreesboro
37%
New Hampshire 90,080 Nashua
37%
South Carolina 115,383 North Charleston
37%
Nevada 233,689 Paradise
37%
Washington 103,701 Spokane Valley
37%
Illinois 89,149 Champaign
36%
Arkansas 79,192 Jonesboro
36%
Washington 131,730 Kent
36%
Oregon 84,397 Medford
36%
North Dakota 45,732 Minot
36%
Idaho 51,770 Twin Falls
36%
Ohio 69,546 Canton
35%
Pennsylvania 59,392 Lancaster
35%
Idaho 33,155 Lewiston
35%
Maine 35,868 Lewiston
35%
New Jersey 146,199 Paterson
35%
Idaho 57,166 Pocatello
35%
New Hampshire 22,282 Portsmouth
35%
Virginia 93,830 Portsmouth
35%
Rhode Island 80,487 Warwick
35%
Virginia 132,999 Hampton
34%
Missouri 116,715 Independence
34%
Colorado 158,660 Lakewood
34%
New Jersey 92,843 Lakewood
34%
Wisconsin 66,831 Oshkosh
34%
Alaska 8,543 Sitka
34%
Arizona 142,049 Surprise
34%
Utah 135,715 West Valley City
34%
West Virginia 25,941 Wheeling
34%
Iowa 67,962 Ames
33%
Michigan 93,587 Dearborn
33%
Massachusetts 112,626 Lowell
33%
Pennsylvania 88,521 Reading
33%
Utah 117,426 West Jordan
33%
Indiana 95,964 Carmel
32%
Nebraska 51,440 Grand Island
32%
Kansas 142,841 Olathe
32%
Hawaii 46,129 Pearl City
32%
Wisconsin 77,536 Racine
32%
New Mexico 101,475 Rio Rancho
32%
Nevada 108,334 Sparks
32%
Oregon 99,102 Beaverton
31%
Arkansas 55,539 Bentonville
31%
North Carolina 175,102 Cary
31%
Alabama 53,602 Decatur
31%
Wyoming 28,357 Gillette
31%
Mississippi 45,309 Hattiesburg
31%
Michigan 84,470 Troy
31%
South Dakota 29,180 Aberdeen
30%
Hawaii 47,770 East Honolulu
30%
New Mexico 44,044 Farmington
30%
Maryland 74,346 Frederick
30%
Arkansas 40,779 Pine Bluff
30%
New York 66,107 Schenectady
29%
Michigan 134,375 Warren
29%
North Dakota 38,718 West Fargo
29%
Oregon 61,027 Corvallis
28%
Arkansas 65,591 North Little Rock
28%
Utah 99,045 Orem
28%
Rhode Island 71,581 Pawtucket
28%
Massachusetts 94,948 Quincy
28%
Missouri 75,399 St. Joseph
28%
Mississippi 38,030 Tupelo
28%
Connecticut 107,701 Waterbury
28%
Alabama 68,259 Dothan
27%
Wyoming 11,412 Evanston
27%
Oregon 112,489 Hillsboro
27%
Kentucky 60,323 Owensboro
27%
Minnesota 81,014 Plymouth
27%
Alaska 11,435 Wasilla
27%
Iowa 67,228 Waterloo
27%
Iowa 68,619 West Des Moines
27%
Delaware 21,362 Bear
26%
Rhode Island 80,966 Cranston
26%
South Carolina 39,721 Hilton Head Island
26%
Tennessee 66,936 Johnson City
26%
Oklahoma 92,543 Lawton
26%
Vermont 20,100 South Burlington
26%
Michigan 133,370 Sterling Heights
26%
Colorado 123,036 Arvada
25%
Connecticut 59,674 Bristol
25%
Arkansas 67,828 Conway
25%
Illinois 111,401 Elgin
25%
Massachusetts 95,155 New Bedford
25%
Colorado 143,890 Thornton
25%
Illinois 85,720 Waukegan
25%
Rhode Island 47,314 East Providence
24%
Kentucky 33,127 Florence
24%
Tennessee 88,004 Franklin
24%
Oregon 109,216 Gresham
24%
New York 77,912 New Rochelle
24%
Washington 103,091 Renton
24%
Wisconsin 72,811 Waukesha
24%
Pennsylvania 76,370 Bethlehem
23%
Colorado 112,151 Centennial
23%
Alaska 13,709 College
23%
Iowa 62,289 Council Bluffs
23%
New Jersey 99,967 Edison
23%
Oklahoma 48,015 Enid
23%
Washington 97,316 Federal Way
23%
Indiana 74,423 Hammond
23%
Alabama 85,740 Hoover
23%
Montana 25,288 Kalispell
23%
Nebraska 34,301 Kearney
23%
Missouri 100,683 Lee's Summit
23%
Kansas 45,928 Salina
23%
Georgia 110,779 Sandy Springs
23%
Mississippi 56,792 Southaven
23%
Maine 25,474 South Portland
23%
Colorado 113,919 Westminster
23%
Connecticut 84,100 Danbury
22%
Nebraska 23,522 North Platte
22%
Wyoming 17,931 Sheridan
22%
Arkansas 83,249 Springdale
22%
Missouri 72,750 St. Charles
22%
Oklahoma 50,941 Stillwater
22%
Massachusetts 96,313 Brockton
21%
Massachusetts 89,633 Fall River
21%
North Carolina 112,900 High Point
21%
South Carolina 94,932 Mount Pleasant
21%
Connecticut 88,871 Norwalk
21%
Kentucky 40,136 Covington
20%
Maryland 69,079 Gaithersburg
20%
Wisconsin 65,149 Janesville
20%
Massachusetts 96,032 Lynn
20%
West Virginia 29,123 Parkersburg
20%
South Carolina 76,159 Rock Hill
20%
Wyoming 22,272 Rock Springs
20%
Maryland 70,088 Rockville
20%
Vermont 15,087 Rutland
20%
Oklahoma 93,849 Edmond
19%
Indiana 96,992 Fishers
19%
Ohio 77,755 Parma
19%
Maryland 79,750 Silver Spring
19%
North Dakota 25,810 Williston
19%
New Mexico 32,205 Alamogordo
18%
Idaho 59,809 Caldwell
18%
North Dakota 21,835 Dickinson
18%
Michigan 93,375 Livonia
18%
Louisiana 143,481 Metairie
18%
Delaware 23,744 Middletown
18%
Oklahoma 63,117 Moore
18%
New York 66,955 Mount Vernon
18%
Missouri 90,684 O'Fallon
18%
Delaware 11,940 Smyrna
18%
Utah 79,013 South Jordan
18%
South Dakota 22,285 Watertown
18%
Connecticut 63,127 West Hartford
18%
New Mexico 38,008 Clovis
17%
Kentucky 30,837 Elizabethtown
17%
Nevada 164,314 Enterprise
17%
North Dakota 15,310 Jamestown
17%
New Hampshire 13,582 Lebanon
17%
Ohio 64,170 Lorain
17%
Arkansas 70,278 Rogers
17%
Rhode Island 41,585 Woonsocket
17%
Montana 9,201 Anaconda
16%
Louisiana 68,915 Bossier City
16%
South Dakota 25,149 Brookings
16%
Kentucky 36,081 Georgetown
16%
Maryland 90,844 Germantown
16%
Wyoming 11,608 Green River
16%
New Jersey 88,464 Hamilton
16%
New Mexico 37,465 Hobbs
16%
Hawaii 36,662 Kailua
16%
Louisiana 66,351 Kenner
16%
Connecticut 72,045 New Britain
16%
South Dakota 12,084 Spearfish
16%
New Jersey 91,239 Toms River
16%
Iowa 72,820 Ankeny
15%
West Virginia 15,547 Beckley
15%
Nebraska 26,731 Fremont
15%
Montana 9,751 Havre
15%
Idaho 38,145 Post Falls
15%
South Carolina 39,080 Sumter
15%
Minnesota 81,486 Brooklyn Park
14%
Hawaii 32,312 Kahului
14%
West Virginia 17,431 Martinsburg
14%
Oklahoma 56,883 Midwest City
14%
Montana 9,757 Belgrade
13%
Vermont 11,597 Essex Junction
13%
Nebraska 24,972 Hastings
13%
Georgia 84,946 Johns Creek
13%
New Hampshire 23,146 Keene
13%
South Dakota 15,568 Mitchell
13%
Kansas 66,215 Shawnee
13%
New Jersey 99,585 Woodbridge
13%
South Dakota 14,676 Yankton
13%
Vermont 8,521 Barre
12%
New Hampshire 22,381 Derry
12%
Utah 79,293 Layton
12%
Mississippi 39,837 Olive Branch
12%
Nevada 199,722 Spring Valley
12%
South Carolina 54,198 Summerville
12%
Nevada 192,934 Sunrise Manor
12%
West Virginia 18,059 Weirton
12%
Vermont 8,836 Bennington
11%
South Dakota 14,280 Huron
11%
New Hampshire 16,532 Laconia
11%
Kansas 56,366 Lenexa
11%
Delaware 11,799 Milford
11%
Wyoming 10,798 Riverton
11%
Georgia 98,837 South Fulton
11%
Hawaii 40,427 Waipahu
11%
Tennessee 59,709 Bartlett
10%
Maine 21,574 Biddeford
10%
Maryland 72,247 Ellicott City
10%
South Carolina 44,227 Goose Creek
10%
North Dakota 22,973 Mandan
10%
Minnesota 74,063 Maple Grove
10%
Vermont 6,855 Middlebury
10%
Maine 20,352 Saco
10%
Rhode Island 17,435 Westerly
10%
West Virginia 14,990 Clarksburg
9%
Delaware 14,342 Glasgow
9%
Maryland 69,813 Glen Burnie
9%
Minnesota 69,295 Lakeville
9%
North Dakota 7,789 Wahpeton
9%
Maryland 74,587 Waldorf
9%
Minnesota 73,404 Woodbury
9%
Rhode Island 19,028 Central Falls
8%
New York 74,026 Cheektowaga
8%
West Virginia 18,349 Fairmont
8%
Hawaii 33,739 Kaneohe
8%
Maine 21,335 Sanford
8%
New Mexico 41,011 South Valley
8%
Alaska 18,792 Badger
7%
Mississippi 27,479 Horn Lake
7%
Pennsylvania 51,726 Levittown
7%
Kentucky 32,113 Nicholasville
7%
Delaware 13,472 Hockessin
6%
Maine 19,760 Westbrook
6%
Vermont 7,537 Winooski
6%
Hawaii 25,752 Ewa Gentry
5%
Alaska 17,513 Knik-Fairview
5%
Delaware 13,191 Brookside
4%
Alaska 10,098 Lakes
4%
Hawaii 27,926 Mililani Town
4%
Vermont 6,771 Battleboro
3%
Alaska 10,520 Tanaina
3%
Rhode Island 11,828 Valley Falls
3%
No matching quizzes found
Score Distribution
Percent of People with Each Score
Percentile by Number Answered
Your Score History
You have not taken this quiz since the last reset